சுரோங்கரின் பூனை /

Scrodngerin poonai
Saved in:
Bibliographic Details
Format: Book
Language:Sinhalese
Published: 2018. அல்வாய் : ஜீவநதி கலைஅகம் வௌியீடு,
Tags: Add Tag
No Tags, Be the first to tag this record!

MARC

LEADER 00000nam a2200000 4500
003 LK-CoNLD
005 20251104143140.0
008 251104b ||||| |||| 00| 0 sin d
017 |b LK-CoDNA 
020 |a 9789550958115 
040 |a LK-CoNLD  |b TAM  |c LK-CoNLD  |d LK-CoNLD 
082 |2 23  |q LK-CoNLD 
245 |6 880-1  |a சுரோங்கரின் பூனை /  |c  இ. சு. முரளிதரன். 
260 |b அல்வாய் :  |c ஜீவநதி கலைஅகம் வௌியீடு,  |a 2018. 
300 |a ப. viii, 88 ;  
880 |6  245-1  |a Scrodngerin poonai 
942 |c BOOK 
945 |a 22  |b Logeshwary RAMASAMY  |c 22  |d Logeshwary RAMASAMY 
999 |c 293797  |d 293797